Los modernos nomenclatores de España (1857-1950) / (Record no. 190188)

MARC details
000 -LEADER
campo de control de longitud fija 00902nam a2200205 i 4500
001 - NÚMERO DE CONTROL
campo de control 190188
003 - IDENTIFICADOR DE NÚMERO DE CONTROL
campo de control ES-MaACL
005 - FECHA Y HORA DE LA ÚLTIMA TRANSACCIÓN
campo de control 20250603181634.0
008 - DATOS DE LONGITUD FIJA--INFORMACIÓN GENERAL
campo de control de longitud fija 200911s1958 sp |||| | spa d
100 1# - ENTRADA PRINCIPAL--NOMBRE DE PERSONA
Nombre de persona Melón y Ruiz de Gordejuela, Amando,
Fechas asociadas al nombre 1895-1975
9 (RLIN) 80024
245 14 - MENCIÓN DEL TÍTULO
Título Los modernos nomenclatores de España (1857-1950) /
Mención de responsabilidad, etc. Discurso leido en la recepción publica, el 19 de octubre de 1958, por... D. Amando Melón y Ruiz de Gordejuela . Contestación por... D. Francisco Javier Sánchez Cantón.
260 ## - PUBLICACIÓN, DISTRIBUCIÓN, ETC.
Lugar de publicación, distribución, etc. Madrid :
Nombre del editor, distribuidor, etc. [s.n.],
Fecha de publicación, distribución, etc. 1958 (
Fabricante Graf. Clavileño)
300 ## - DESCRIPCIÓN FÍSICA
Extensión 99 p. ;
Dimensiones 24 cm.
594 ## - Nota al título y mención de responsabilidad
Nota al título y mención de responsabilidad Precede al tít.: Real Academia de la Historia.
651 #7 - PUNTO DE ACCESO ADICIONAL DE MATERIA--NOMBRE GEOGRÁFICO
Nombre geográfico España-
Subdivisión general Nomencladores
Fuente del encabezamiento o término
9 (RLIN) 165997
700 1# - ENTRADA AGREGADA--NOMBRE PERSONAL
Nombre de persona Sánchez Cantón, Francisco Javier,
Fechas asociadas al nombre 1891-1971
9 (RLIN) 102521
710 2# - ENTRADA AGREGADA--NOMBRE DE ENTIDAD CORPORATIVA
Nombre de entidad corporativa o nombre de jurisdicción como elemento de entrada Real Academia de la Historia (España)
9 (RLIN) 6309
852 ## - LOCALIZACIÓN
Ubicación ES-MaACL
Número de control de estantería F-M-III-H
Holdings
Estatus retirado Estado de pérdida Estado de daño No para préstamo Biblioteca de origen Biblioteca actual Ubicación en estantería Fecha de adquisición Fuente de adquisición Total de préstamos Signatura topográfica completa Código de barras Visto por última vez Precio de reemplazo Tipo de ítem Koha
        Biblioteca del Ateneo de Madrid Biblioteca del Ateneo de Madrid Administración 16/05/2005     F-M-III-H 1201957 23/02/2023 23/02/2023 Libro impreso